LEADER 00789nam a2200181 i 4500 001 000000226640 003 CaOOAMICUS 005 20140129000000.0 008 140129s1964 it u000 u eng u 013 $a205542 040 $aSeMil$bita 245 10$aFrom Noah to Abraham :$bGenesis 6.(9) - 11.(32) with an appendix a fragment of part 3. 300 $aXIV, 386 p. 700 1 $aCassuto, Umberto.$0(OLS)http://semarc/name/13406 773 0 $aCassuto, Umberto$tCommentary on the Book of Genesis.$dJerusalem : The Magnes Press, 1961-1964.$gPart2$w()29370 850 $aSeMil 852 $aSeMil$W1$xVenegono$y1$m2W IV 162$j176986$B176986$CSeMilBibl$Z2$F187918 $81 996 $6245$aFrom Noah to Abraham :$bGenesis 6.(9) - 11.(32) with an appendix a fragment of part 3$9(OLS)http://semarc/title/324475 LEADER 01348nam a2200265 i 4500 001 000000067202 003 CaOOAMICUS 005 20140228000000.0 008 140228s1973 xx u000 u lat u 013 $a38374 040 $aSeMil$bita 100 1 $aDaneels, F. .$0(OLS)http://semarc/name/33663 245 13$aDe subiecto Officii Ecclesiastici attenta doctrina Concilii Vaticani 2. :$bsuntne laici officii ecclesiastici capaces? /$cF. Daneels o. praem. 260 $aRoma :$bUniversità Gregoriana,$ccopyr. 1973. 300 $aXXIV, 131 p. ;$c24 cm. 490 0 $aAnalecta Gregoriana ;$v192. 490 0 $aAnalecta Gregoriana. Series Facultatis Iuris Canonici. Sectio B ;$v31 500 $aContiene : Bibliographia. 650 4$aUfficio ecclesiastico.$0(OLS)http://semarc/subject/13139 830 0$aAnalecta Gregoriana ;$v192.$0(OLS)http://semarc/title/9 830 0$aAnalecta Gregoriana. Series Facultatis Iuris Canonici. Sectio B ;$v31.$0(OLS)http://semarc/title/21674 850 $aSeMil 852 $aSeMil$W1$xVenegono$y1$m2N V 292$j33355$B33355$CSeMilBibl$Z2$F33358 $81 996 $6245$aDe subiecto Officii Ecclesiastici attenta doctrina Concilii Vaticani 2. :$bsuntne laici officii ecclesiastici capaces?$9(OLS)http://semarc/title/107072 996 $6260$aRoma :$bUniversità Gregoriana$9(OLS)http://semarc/publisher/31479